Martabat ilmu dan ulama

Bibliographic Details
Main Author: Al-Banjari Al-Makki, Muhammad Nuruddin Marbu 1960-
Other Authors: Abdul Rahman Al-Hafiz, Mohammad Subki
Format: Book
Published: Shah Alam : PSN Publications Sdn. Bhd. , 2012
Subjects:

MARC

LEADER 00000cam a2200000 7i4500
001 0000180708
005 20131206.0
020 |a 9789671071335 
090 0 0 |a 121.0882971   |b ALB 
100 1 |a Al-Banjari Al-Makki, Muhammad Nuruddin Marbu   |c 1960- 
245 1 0 |a Martabat ilmu dan ulama   |c Syeikh Muhammad Nuruddin Marbu Al-Banjari Al-Makki ; penterjemah, Ustaz Mohammad Subki, Abdul Rahman Al-Hafiz 
260 |a Shah Alam :   |b PSN Publications Sdn. Bhd. ,   |c 2012 
300 |a 170p. ;   |c 24cm. 
650 0 0 |a Knowledge, Theory of (Islam) 
650 0 0 |a Scholars, Muslim 
650 0 0 |a Ulama 
700 0 |a Abdul Rahman Al-Hafiz 
700 0 |a Mohammad Subki 
999 |a 00289243   |b BUKU   |c PINJAMAN   |e PERPUSTAKAAN KOMUNITI PETALING JAYA